[Event "FRA-ch U20 Girls"]
[Site "Montbeliard"]
[Date "2014.04.25"]
[Round "7"]
[White "Soriano, Manon"]
[Black "Haller, Noemie"]
[Result "1/2-1/2"]
[WhiteElo "1615"]
[BlackElo "1631"]
[PlyCount "73"]
[EventDate "2014.04.20"]
[EventType "swiss"]
[EventRounds "9"]
[EventCountry "FRA"]
[SourceTitle "CBM 160 Extra"]
[Source "ChessBase"]
[SourceDate "2014.07.01"]
[SourceVersion "1"]
[SourceVersionDate "2014.07.01"]
[SourceQuality "1"]

1. d4 d5 2. c4 Nc6 3. e3 Nf6 4. cxd5 Qxd5 5. Nc3 Qd8 6. Nf3 Bg4 7. Be2 e6 8. a3 Be7 9. h3 Bh5 10. Qc2 Bg6 11. Bd3 Bxd3 12. Qxd3 e5 13. Qb5 exd4 14. Nxd4 Qd6 15. Qxb7 Nxd4 16. Qxa8+ Kd7 17. Qxh8 Nc2+ 18. Ke2 Qa6+ 19. Kf3 Qc6+ 20. e4 Nd4+ 21. Ke3 Nc2+ 22. Kd3 Nxa1 23. Rd1 Qa6+ 24. Ke3+ Ke6 25. b4 Nb3 26. Qxg7 Nxc1 27. Rxc1 Qxa3 28. Rc2 Bxb4 29. Kd3 Qa6+ 30. Ke3 Qc4 31. e5 Qc5+ 32. Kd3 Kxe5 33. Re2+ Kd6 34. Qxf6+ Kd7 35. Qxf7+ Kc8 36. Re8+ Kb7 37. Qd5+ 1/2-1/2

[Event "FRA-ch U20 Girls"]
[Site "Montbeliard"]
[Date "2014.04.22"]
[Round "4"]
[White "Haller, Noemie"]
[Black "Lecland, Elodie"]
[Result "1-0"]
[WhiteElo "1631"]
[BlackElo "1691"]
[PlyCount "97"]
[EventDate "2014.04.20"]
[EventType "swiss"]
[EventRounds "9"]
[EventCountry "FRA"]
[SourceTitle "CBM 160 Extra"]
[Source "ChessBase"]
[SourceDate "2014.07.01"]
[SourceVersion "1"]
[SourceVersionDate "2014.07.01"]
[SourceQuality "1"]

1. e4 d5 2. exd5 Qxd5 3. Nc3 Qa5 4. d4 Nf6 5. Nf3 Bg4 6. h3 Bxf3 7. Qxf3 c6 8. Bd3 e6 9. 0-0 Be7 10. Bf4 0-0 11. Ne4 Nbd7 12. Rfe1 Rfe8 13. Nd6 Bxd6 14. Bxd6 Qb6 15. c3 c5 16. Qf4 cxd4 17. cxd4 Nd5 18. Qg3 Qxd4 19. Bb5 N5f6 20. Be5 Nxe5 21. Bxe8 Rxe8 22. Qxe5 Qxe5 23. Rxe5 Nd5 24. Rc1 Kf8 25. Re4 Re7 26. Rc8+ Re8 27. Rec4 b6 28. Kf1 Rxc8 29. Rxc8+ Ke7 30. a3 a5 31. g3 h6 32. Ke2 Kf6 33. Kd3 Ke5 34. f3 Kf5 35. Kd4 g5 36. Rh8 Kg6 37. Ke5 Kg7 38. Rd8 Ne3 39. Rd4 Kg6 40. g4 Kg7 41. Ke4 Nd5 42. Rxd5 exd5+ 43. Kxd5 a4 44. Kc6 f5 45. Kxb6 Kg6 46. Kb5 fxg4 47. fxg4 h5 48. Kxa4 hxg4 49. hxg4 1-0

[Event "FRA-ch U18 Girls"]
[Site "Montlucon"]
[Date "2011.04.24"]
[Round "9"]
[White "Turquetille, Annabelle"]
[Black "Haller, Noemie"]
[Result "0-1"]
[WhiteElo "1773"]
[BlackElo "1654"]
[PlyCount "110"]
[EventDate "2011.04.17"]
[EventType "swiss"]
[EventRounds "9"]
[EventCountry "FRA"]
[SourceTitle "CBM 142 Extra"]
[Source "ChessBase"]
[SourceDate "2011.06.27"]
[SourceVersion "1"]
[SourceVersionDate "2011.06.27"]
[SourceQuality "1"]

1. e4 c5 2. Nc3 d6 3. f4 Nc6 4. Nf3 Bg4 5. h3 Bd7 6. Bc4 e6 7. d3 a6 8. Be3 b5 9. Bb3 Nf6 10. Qe2 Qc7 11. a3 Na5 12. Ba2 c4 13. dxc4 Nxc4 14. Bxc4 bxc4 15. g4 Qb7 16. Bc1 Bc6 17. Nd2 d5 18. exd5 Nxd5 19. Nxd5 Bxd5 20. Rh2 Rc8 21. Rb1 Bd6 22. Rf2 Bc5 23. Rh2 Bg1 24. Nf1 Bxh2 25. Nxh2 0-0 26. Bd2 c3 27. Bc1 Ba2 28. Ra1 cxb2 29. Bxb2 Qxb2 30. Rd1 Qc3+ 31. Kf2 Qxc2 32. Rd2 Qc5+ 33. Ke1 Qg1+ 34. Nf1 Bc4 35. Qf2 Qxf1+ 36. Qxf1 Bxf1 37. Kxf1 Rc3 38. a4 Rfc8 39. Rd6 R3c6 40. Rd7 Kf8 41. Kg2 Ke8 42. Ra7 Rb8 43. Kg3 Rb4 44. Ra8+ Ke7 45. Ra7+ Kf6 46. g5+ Kg6 47. h4 f5 48. h5+ Kxh5 49. Kf3 Rc3+ 50. Ke2 Rb2+ 51. Kd1 Kg6 52. Rxa6 Rg3 53. Rxe6+ Kf7 54. Re5 Rg1+ 55. Re1 Rb1+ 0-1

[Event "FRA-ch U18 Girls"]
[Site "Montlucon"]
[Date "2011.04.17"]
[Round "1"]
[White "Haller, Noemie"]
[Black "Copin, Oceane"]
[Result "0-1"]
[WhiteElo "1654"]
[BlackElo "1914"]
[PlyCount "52"]
[EventDate "2011.04.17"]
[EventType "swiss"]
[EventRounds "9"]
[EventCountry "FRA"]
[SourceTitle "CBM 142 Extra"]
[Source "ChessBase"]
[SourceDate "2011.06.27"]
[SourceVersion "1"]
[SourceVersionDate "2011.06.27"]
[SourceQuality "1"]

1. Nf3 d5 2. g3 Nf6 3. Bg2 c6 4. d4 Bf5 5. c4 Nbd7 6. c5 h6 7. Nc3 Ne4 8. Nh4 Nxc3 9. bxc3 Bh7 10. Qb3 Qc8 11. c4 dxc4 12. Qxc4 e5 13. Bh3 Be4 14. f3 Bd5 15. Qc3 exd4 16. Qxd4 Qd8 17. Nf5 Qf6 18. Nd6+ Bxd6 19. Qxf6 Bxg3+ 20. hxg3 Nxf6 21. e4 Bc4 22. Bb2 Ke7 23. Kf2 Rhd8 24. Bxf6+ Kxf6 25. Rhc1 Rd2+ 26. Ke1 Re2+ 0-1

[Event "FRA-chT2 1011"]
[Site "France"]
[Date "2010.11.14"]
[Round "3.7"]
[White "Viennot, Dylan"]
[Black "Haller, Noemie"]
[Result "1-0"]
[WhiteElo "2032"]
[BlackElo "1672"]
[PlyCount "27"]
[EventDate "2010.10.17"]
[EventType "team-tourn"]
[EventRounds "11"]
[EventCountry "FRA"]
[SourceTitle "EXT 2012"]
[Source "ChessBase"]
[SourceDate "2011.11.24"]
[SourceVersion "1"]
[SourceVersionDate "2011.11.24"]
[SourceQuality "1"]

1. e4 Nc6 2. Nf3 g6 3. d4 d5 4. Nc3 dxe4 5. Nxe4 Bf5 6. Nc5 b6 7. Bb5 Qd6 8. Ne5 bxc5 9. Bxc6+ Kd8 10. Nxf7+ Kc8 11. Nxd6+ Kb8 12. Bxa8 Kxa8 13. Qf3+ Kb8 14. Qb7# 1-0

[Event "FRA-ch U16 Girls"]
[Site "Troyes"]
[Date "2010.04.17"]
[Round "8"]
[White "Haller, Noemie"]
[Black "Aflalo, Sophie"]
[Result "0-1"]
[WhiteElo "1650"]
[BlackElo "2041"]
[PlyCount "74"]
[EventDate "2010.04.11"]
[EventType "swiss"]
[EventRounds "9"]
[EventCountry "FRA"]
[SourceTitle "EXT 2012"]
[Source "ChessBase"]
[SourceDate "2011.11.24"]
[SourceVersion "1"]
[SourceVersionDate "2011.11.24"]
[SourceQuality "1"]

1. e4 c5 2. Nf3 Nc6 3. d4 cxd4 4. Nxd4 Nf6 5. Nc3 e5 6. Ndb5 d6 7. Bg5 a6 8. Na3 b5 9. Nd5 Be7 10. Bxf6 Bxf6 11. c3 Bg5 12. Nc2 0-0 13. a4 bxa4 14. Rxa4 a5 15. Bc4 Rb8 16. Ra2 g6 17. Nce3 Kh8 18. 0-0 Bh6 19. Qa4 Bd7 20. Bb5 Rc8 21. Bxc6 Bxc6 22. Qxa5 Qh4 23. Re1 Qxe4 24. Qb4 Bxd5 25. Nxd5 Qxd5 26. Ra5 Qd2 27. Qb3 Rb8 28. Rb5 Ra8 29. Rd1 Qe2 30. Rbd5 Rab8 31. Qa3 Rxb2 32. Qa7 Bd2 33. Rf1 Bxc3 34. Rxd6 Bd4 35. Qe7 Bxf2+ 36. Rxf2 Qxf2+ 37. Kh1 Qf1# 0-1

[Event "FRA-ch U16 Girls"]
[Site "Troyes"]
[Date "2010.04.12"]
[Round "2"]
[White "Haller, Noemie"]
[Black "Monpeurt, Cyrielle"]
[Result "0-1"]
[WhiteElo "1650"]
[BlackElo "1855"]
[PlyCount "156"]
[EventDate "2010.04.11"]
[EventType "swiss"]
[EventRounds "9"]
[EventCountry "FRA"]
[SourceTitle "EXT 2012"]
[Source "ChessBase"]
[SourceDate "2011.11.24"]
[SourceVersion "1"]
[SourceVersionDate "2011.11.24"]
[SourceQuality "1"]

1. e4 e5 2. d4 exd4 3. Nf3 d5 4. exd5 Qxd5 5. Qxd4 Nf6 6. Nc3 Qxd4 7. Nxd4 Bc5 8. Ndb5 Na6 9. Bf4 Bf5 10. 0-0-0 0-0 11. Nxc7 Nxc7 12. Bxc7 Bxf2 13. Bb5 a6 14. Ba4 b5 15. Bb3 Rac8 16. Be5 Ng4 17. Bd6 Rfe8 18. Nd5 Bh4 19. Rhf1 Bg6 20. g3 Bg5+ 21. Kb1 Re2 22. h4 Bd8 23. Nf4 Bxc2+ 24. Bxc2 Rexc2 25. Nd5 Nf6 26. Ne7+ Bxe7 27. Bxe7 Ne4 28. Rg1 Nd2+ 29. Ka1 f6 30. b3 Nf3 31. Rgf1 Ne5 32. Kb1 Rg2 33. Rg1 Rcc2 34. Rxg2 Rxg2 35. Rd6 Kf7 36. Bd8 Rxg3 37. Rxa6 Rg4 38. Ra5 Nc6 39. Ra8 Nxd8 40. Rxd8 Rxh4 41. Rb8 Rh5 42. Kb2 Rd5 43. Rh8 h5 44. Kc3 Kg6 45. a4 bxa4 46. bxa4 Kg5 47. Ra8 h4 48. a5 h3 49. Kb4 Rd1 50. Rh8 Kg4 51. a6 Ra1 52. Kb5 Kg3 53. Kb6 h2 54. a7 Rxa7 55. Kxa7 Kg2 56. Rh7 g5 57. Rf7 h1Q 58. Rb7 Qa1+ 59. Kb8 Qe5+ 60. Kc8 Qe8+ 61. Kc7 Qe7+ 62. Kb6 Qxb7+ 63. Kxb7 g4 64. Kc6 g3 65. Kd6 Kf3 66. Ke6 g2 67. Kf7 g1Q 68. Ke6 Qe3+ 69. Kf7 f5 70. Kf6 f4 71. Kf5 Qe4+ 72. Kg5 Kg3 73. Kf6 f3 74. Kg5 Qf4+ 75. Kh5 Qg4+ 76. Kh6 f2 77. Kh7 f1R 78. Kh6 Rh1# 0-1

[Event "FRA-ch U16 Girls"]
[Site "Aix les Bains"]
[Date "2009.04.19"]
[Round "1"]
[White "Haller, Noemie"]
[Black "Saucey, Capucine"]
[Result "0-1"]
[WhiteElo "1450"]
[BlackElo "1764"]
[PlyCount "82"]
[EventDate "2009.04.19"]
[EventType "swiss"]
[EventRounds "9"]
[EventCountry "FRA"]
[SourceTitle "CBM 130 Extra"]
[Source "ChessBase"]
[SourceDate "2009.07.02"]
[SourceVersion "2"]
[SourceVersionDate "2009.07.15"]
[SourceQuality "1"]

1. e4 e5 2. d4 exd4 3. c3 d5 4. cxd4 dxe4 5. Bc4 Nf6 6. Bg5 Be7 7. Nc3 0-0 8. Nge2 Bf5 9. Ng3 Bg6 10. h4 h6 11. Bxf6 Bxf6 12. h5 Bh7 13. Bd5 c6 14. Bxe4 Bxe4 15. Ngxe4 Bxd4 16. Qc2 Re8 17. 0-0-0 Qb6 18. Nd6 Rd8 19. Nc4 Qc5 20. Ne2 Na6 21. a3 b5 22. Nxd4 Rxd4 23. Rxd4 Qxd4 24. Ne3 Qf6 25. Rd1 Rc8 26. Nd5 Qe6 27. Nf4 Qg4 28. g3 Qg5 29. Kb1 Nc5 30. b4 Na4 31. Qb3 Qf5+ 32. Ka2 Qe5 33. Rd7 Nc3+ 34. Kb2 Ne4+ 35. Ka2 Nd6 36. Ng6 Qe2+ 37. Kb1 Qe1+ 38. Kc2 Qxf2+ 39. Kc1 Qf1+ 40. Kc2 Qf5+ 41. Kc1 Qxd7 0-1